| 000 | 02187nam0a2200373 4500 | ||
|---|---|---|---|
| 001 | RU\NLR\BIBL_A\022685755 | ||
| 005 | 20260420061424.0 | ||
| 010 |
_a978-5-6052587-7-3 _9100 |
||
| 021 |
_aRU _bКН-П-25-067014 _9КН-П-25-6477 |
||
| 035 | _a(NLR Aleph) 022685755 | ||
| 090 |
_a13686866 _c13686866 |
||
| 100 | _a20251211d2025 k y0rusy50 ca | ||
| 101 | 0 | _arus | |
| 102 | _aRU | ||
| 105 | _aac z 000yy | ||
| 181 | 0 |
_ai3 _baxxe |
|
| 181 | 0 |
_ab1 _bxb2e |
|
| 182 | 0 | _an | |
| 200 | 1 |
_aМиома матки: от этиологии к инновационным методам лечения _eмонография _fПучкина Г. А., Михайличенко В. Ю., Пашин Д. С. [и др.] _gпод редакцией профессора В. Ю. Михайличенко _gОрдена Трудового Красного Знамени медицинский институт им. С. И. Георгиевского, ФГАОУ ВО "Крымский федеральный университет имени В. И. Вернадского", ФГБОУ ВО Астраханский ГМУ МЗ РФ |
|
| 203 |
_aТекст _aИзображение _bвизуальные _cнепосредственные |
||
| 210 |
_aСимферополь _cБровко А. А. _d2025 |
||
| 215 |
_a76 с. _cил., табл., цв. ил., портр. _d21 |
||
| 300 | _aНа 2-й с. авт.: Пучкина Г. А. – канд. мед. наук, доц., Михайличенко В. Ю. – д-р мед. наук, проф., акад. РАЕ, Пашин Д. С. – д-р мед. наук, проф. [и др.] | ||
| 320 | _aБиблиогр.: с. 68–76 (142 назв.) | ||
| 606 | 1 |
_aМиома матки _91085710 _3RU\NLR\AUTH\66106105 |
|
| 686 | 1 | _aР569.714.1 Миома | |
| 701 | 1 |
_aПучкина _bГ. А. _gГалина Анатольевна |
|
| 701 | 1 |
_aМихайличенко _bВ. Ю. _gВячеслав Юрьевич |
|
| 701 | 1 |
_aПашин _bД. С. |
|
| 702 | 1 |
_aМихайличенко _bВ. Ю. _gВячеслав Юрьевич _4340 |
|
| 942 | _cBOOK | ||
| 980 | _aNB | ||